000 00417 a2200169 4500
020 _a9780062731029
040 _aDLC
_bDLC
082 _a519.5
100 _aGonick, Larry
110 _aSmith, Woollcott
245 _aThe cartoon guide to statistics
_cLarry Gonick
260 _aNew York
_bHarper Resource
_c2005
300 _a230 p.
650 _aStatistics
700 _aLarry Gonick
942 _cBK
_k519.5 GON
_2ddc
999 _c10791
_d10791